| 000 | 01788am aa2200421i 44500 | ||
|---|---|---|---|
| 003 | PE-LiUPU | ||
| 005 | 20251014093007.0 | ||
| 008 | 1900s2019 sp a rba 000 0 spa d | ||
| 020 | _a9788417370299 | ||
| 035 | _aPE-LiUPU000013 | ||
| 040 |
_aPE-LiUPU _bspa _cPE-LiUPU _erda |
||
| 041 | 0 | _aspa | |
| 082 | 0 | 4 |
_a618.970231 _bE42e _223 |
| 100 |
_aEliopoulos, Charlotte, _eautora. _97158 |
||
| 245 | 1 | 0 |
_aEnfermería geriátrica y gerontológica / _cpor Charlotte Eliopoulos. |
| 250 | _a9ª edición. | ||
| 264 | 1 |
_aBarcelona : _bWolters Kluwer, _c2019. |
|
| 300 |
_a539 páginas : _bilustraciones ; _c27 cm _e1 recurso en línea. |
||
| 336 |
_atexto _2rdacontent |
||
| 337 |
_asin mediación _2rdamedia |
||
| 338 |
_avolumen _2rdacarrier |
||
| 500 | _aTraducción de: Gerontological nursing, 9th ed. | ||
| 504 | _aIncluye referencias bibliográficas e índice. | ||
| 505 | 0 | _aLa experiencia del envejecimiento -- Fundamentos de enfermería geriátrica y gerontológica -- Promoción de la salud -- Atención geriátrica -- Escenarios y problemas específicos en la atención geriátrica. | |
| 546 | _aTexto en español. | ||
| 650 | 1 | 4 |
_aEnfermería geriátrica. _97159 |
| 650 | 2 | 4 |
_aGerontología. _97160 |
| 650 | 2 | 4 |
_aCuidado de ancianos. _97161 |
| 650 | 2 | 4 |
_aSalud del adulto mayor. _97162 |
| 700 |
_aBautista Eugenio, Verónica, _eeditora. _97163 |
||
| 700 |
_aOchoa, Rebeca Victoria, _eeditora. _97164 |
||
| 700 |
_aVillalobos Courtin, Alicia, _eeditora. _97165 |
||
| 710 |
_aWolters Kluwer, _eeditor. _97166 |
||
| 856 | 4 | 0 |
_uhttps://thepoint.lww.com _zAcceso a contenido en línea (requiere código). |
| 942 |
_2ddc _cBK |
||
| 980 |
_818226 _gJaime Vilcazán Jefe de Análisis Documental |
||
| 999 |
_c31596 _d31596 |
||